Humanitarian medicine and disaster relief / (Record no. 43822)

MARC details
001 - CONTROL NUMBER
control field 23926729
003 - CONTROL NUMBER IDENTIFIER
control field 000
005 - DATE AND TIME OF LATEST TRANSACTION
control field 20251016093440.0
008 - FIXED-LENGTH DATA ELEMENTS--GENERAL INFORMATION
fixed length control field 241119s2025 flu b 001 0 eng
010 ## - LIBRARY OF CONGRESS CONTROL NUMBER
LC control number 2024055345
020 ## - INTERNATIONAL STANDARD BOOK NUMBER
International Standard Book Number 9781032753751
040 ## - CATALOGING SOURCE
Original cataloging agency DNLM/DLC
Language of cataloging eng
Description conventions rda
Transcribing agency DLC
Modifying agency DLC
042 ## - AUTHENTICATION CODE
Authentication code pcc
050 00 - LIBRARY OF CONGRESS CALL NUMBER
Classification number RA 601 .R43
100 1# - MAIN ENTRY--PERSONAL NAME
Personal name Redmond, Anthony D.,
Relator term author.
245 10 - TITLE STATEMENT
Title Humanitarian medicine and disaster relief /
Statement of responsibility, etc Tony Redmond.
263 ## - PROJECTED PUBLICATION DATE
Projected publication date 2507
264 #1 - PUBLICATION, DISTRIBUTION, ETC. (IMPRINT)
Place of publication, distribution, etc Boca Raton, FL :
Name of publisher, distributor, etc CRC Press,
Date of publication, distribution, etc 2025.
300 ## - PHYSICAL DESCRIPTION
Extent xiv, 110p. ill.
336 ## - CONTENT TYPE
Content type term text
Content type code txt
Source rdacontent
337 ## - MEDIA TYPE
Media type term unmediated
Media type code n
Source rdamedia
338 ## - CARRIER TYPE
Carrier type term volume
Carrier type code nc
Source rdacarrier
490 1# - SERIES STATEMENT
Series statement Trauma care focus series
504 ## - BIBLIOGRAPHY, ETC. NOTE
Bibliography, etc Includes bibliographical references and index.
505 0# - FORMATTED CONTENTS NOTE
Formatted contents note Humanitarianism -- Sudden Onset Disasters -- Specific Hazards -- Responding to Humanitarian Emergencies -- The Emergency Medical Teams (EMT) Initiative -- Armed Conflict and Complex Emergencies -- Deploying -- Needs Assessments -- Clinical considerations -- Infectious Diseases and Outbreak Response -- Triage -- Working in another country.
520 ## - SUMMARY, ETC.
Summary, etc "Focusing on emergency medical humanitarian assistance, this accessible new text provides practical clinical guidance for those working in emergency medicine, critical care, and military medicine. There has been great progress over the last 30 years in establishing standards and training programmes to ensure that those who respond to major emergencies are appropriately trained, adequately equipped, qualified to do this work, and accountable for the work that they do. These developments together with insights into current requirements for healthcare and emergency responses are reflected in this book"--
Assigning source Provided by publisher.
650 12 - SUBJECT ADDED ENTRY--TOPICAL TERM
Topical term or geographic name as entry element
General subdivision
650 22 - SUBJECT ADDED ENTRY--TOPICAL TERM
Topical term or geographic name as entry element Emergency Medical Services
General subdivision
650 22 - SUBJECT ADDED ENTRY--TOPICAL TERM
Topical term or geographic name as entry element Relief Work
776 08 - ADDITIONAL PHYSICAL FORM ENTRY
Relationship information Online version:
Main entry heading Redmond, Anthony D.
Title Humanitarian medicine and disaster relief
Edition First edition.
Place, publisher, and date of publication Boca Raton, FL : CRC Press, 2025
International Standard Book Number 9781003473718
Record control number (DLC) 2024055346
830 #0 - SERIES ADDED ENTRY--UNIFORM TITLE
Uniform title Trauma care focus.
906 ## - LOCAL DATA ELEMENT F, LDF (RLIN)
a 7
b cbc
c orignew
d 1
e ecip
f 20
g y-gencatlg
942 ## - ADDED ENTRY ELEMENTS (KOHA)
Source of classification or shelving scheme Library of Congress Classification
Koha item type Books
Holdings
Withdrawn status Lost status Source of classification or shelving scheme Damaged status Not for loan Permanent Location Current Location Date acquired Total Checkouts Full call number Barcode Date last seen Price effective from Koha item type
    Library of Congress Classification     NILE UNIVERSITY OF NIGERIA - MAIN LIBRARY NILE UNIVERSITY OF NIGERIA - MAIN LIBRARY 10/16/2025   RA 601 .R43 2025 0199202 10/16/2025 10/16/2025 Books
    Library of Congress Classification     NILE UNIVERSITY OF NIGERIA - MAIN LIBRARY NILE UNIVERSITY OF NIGERIA - MAIN LIBRARY 10/16/2025   RA 601 .R43 2025 0199201 10/16/2025 10/16/2025 Books